LEADER 01113nam0 22003133i 450 001 TO01463349 005 20231121125845.0 010 $a0387209360 100 $a20220715d2005 ||||0itac50 ba 101 | $aeng 102 $aus 181 1$6z01$ai $bxxxe 182 1$6z01$an 200 1 $aDynamics of rotating systems$fGiancarlo Genta 210 $aNew York$cSpringer$dc2005 215 $aXXIV, 658 p.$cill.$d24 cm.$e1 CD-ROM 225 | $aMechanical engineering series 300 $aNelle rist. successive CD-ROM sostituito da download 410 0$1001MIL0003991$12001 $aMechanical engineering series 700 1$aGenta$b, Giancarlo$3CFIV003766$4070$07967 790 1$aGenta$b, G.$3SBNV006692$zGenta, Giancarlo 801 3$aIT$bIT-01$c20220715 850 $aIT-FR0099 899 $aBiblioteca Area Ingegneristica$bFR0099 $eN 912 $aTO01463349 950 0$aBiblioteca Area Ingegneristica$d 54S. L. 621.8 GEN$e 54SBA0000000075 VMN RS $fA $h20220715$i20220715 977 $a 54 996 $aDynamics of rotating systems$93638786 997 $aUNICAS